000 00693nam a2200289Ia 4500
005 20260324135653.0
008 008 260324s9999 xx 000 0 eng d
020 _a9781315008660
037 _aEBOOK
040 _aCRL
040 _beng
040 _cCRL
041 _2eng
041 _aeng
084 _qCRL
100 _aStephen Johnson
_91201458
245 0 _aOpposition Politics in Japan
245 0 _bStrategies Under a One-Party Dominant Regime
260 _bTaylor and Francis
260 _c2000
365 _a
365 _b230
856 _uhttp://www.taylorfrancis.com/books/9781315008660
942 _cEBOOK
999 _c1802799
_d1802799